|
|
|
|
| LEADER |
00000nab a2200000 a 4500 |
| 001 |
vtls010000143 |
| 003 |
SK-MaSNL |
| 005 |
20260303045808.0 |
| 008 |
140302c1969 xo |r|p|||||||000 b|slo |
| 015 |
|
|
|a SNBRB2009/11
|2 snkbucl
|
| 038 |
|
|
|a SNKBUCL
|
| 040 |
|
|
|a SNKBUCL
|b slo
|c SNKBUCL
|e AACR2
|
| 041 |
0 |
|
|a slo
|
| 044 |
|
|
|a xo
|c SK
|
| 080 |
|
|
|a 75.071.1
|2 2001
|
| 080 |
|
|
|a 929 Koreszka, Július
|2 2001
|
| 100 |
1 |
|
|a Strauss, Pavol,
|d 1912-1994
|4 aut
|9 93225
|
| 245 |
1 |
0 |
|a Spomienka priateľa
|c Pavol Štraus [i.e. Strauss]
|
| 600 |
1 |
7 |
|a Koreszka, Július,
|d 1895-1958
|2 snkbucl
|9 105816
|
| 650 |
0 |
7 |
|a spomienky
|2 snkbucl
|9 55795
|
| 773 |
0 |
|
|t Výtvarný život
|g Roč. 14, č. 5 (1969), s. 39-40
|
| 852 |
|
|
|a SNK
|b KIS3GCP
|
| 958 |
|
|
|a PSTRAUSS2009
|
| 958 |
|
|
|a BX
|
| 999 |
|
|
|c 1705018
|d 1706948
|